[Event "29th Czech Open-Rapid 2018"]
[Site "Pardubice"]
[Date "2018.07.19"]
[Round "6"]
[White "Jazdanovs, Aleksandrs"]
[Black "Bente, Bjoern"]
[Result "1/2-1/2"]
[WhiteElo "2013"]
[BlackElo "2228"]
[Annotator "NA"]
[PlyCount "105"]
[EventDate "2018.07.18"]
[EventType "swiss"]
[EventCountry "CZE"]
[SourceTitle "playchess.com"]
[Source "ChessBase"]
[SourceQuality "1"]
[TimeControl "900+10"]

1. e4 {[%emt 0:00:00]} e6 {[%emt 0:00:00]} 2. d4 {[%emt 0:00:00]} d5 {[%emt 0:00:00]} 3. Nc3 {[%emt 0:00:05]} Nf6 {[%emt 0:00:00]} 4. e5 {[%emt 0:00:07]} Nfd7 {[%emt 0:00:02]} 5. f4 {[%emt 0:00:08]} c5 {[%emt 0:00:11]} 6. Nf3 {[%emt 0:00:03]} Be7 {[%emt 0:00:02]} 7. Be3 {[%emt 0:00:05]} b6 {[%emt 0:00:01]} 8. Qd2 {[%emt 0:00:13]} Ba6 {[%emt 0:00:10]} 9. O-O-O {[%emt 0:00:23]} Bxf1 {[%emt 0:00:08]} 10. Rdxf1 {[%emt 0:00:02]} c4 {[%emt 0:00:01]} 11. g4 {[%emt 0:00:04]} Nc6 {[%emt 0:00:19]} 12. f5 {[%emt 0:00:06]} b5 {[%emt 0:00:27]} 13. fxe6 {[%emt 0:00:34]} fxe6 {[%emt 0:00:02]} 14. Nxb5 {[%emt 0:01:13]} Rb8 {[%emt 0:00:18]} 15. Nd6+ {[%emt 0:00:07]} Bxd6 {[%emt 0:00:12]} 16. exd6 {[%emt 0:00:01]} Nf6 {[%emt 0:00:36]} 17. Ng5 {[%emt 0:01:37]} O-O {[%emt 0:01:24]} 18. Nxe6 {[%emt 0:00:14]} Qb6 {[%emt 0:00:00]} 19. c3 {[%emt 0:00:01]} Rfe8 {[%emt 0:00:09]} 20. Nc5 {[%emt 0:00:01]} Rxe3 {[%emt 0:01:04]} 21. Rxf6 {[%emt 0:01:52]} gxf6 {[%emt 0:04:29]} 22. Na4 {[%emt 0:01:45]} Rd3 {[%emt 0:01:21]} 23. Nxb6 {[%emt 0:00:20]} Rxd2 {[%emt 0:00:02]} 24. Kxd2 {[%emt 0:00:13]} Rxb6 {[%emt 0:00:10]} 25. Kc2 {[%emt 0:00:22]} Kf7 {[%emt 0:01:30]} 26. Rf1 {[%emt 0:00:20]} Nd8 {[%emt 0:00:04]} 27. d7 {[%emt 0:00:06]} Ke7 {[%emt 0:00:25]} 28. Rf5 {[%emt 0:00:03]} Rd6 {[%emt 0:00:25]} 29. Rh5 {[%emt 0:00:02]} Rxd7 {[%emt 0:00:08]} 30. Rxh7+ {[%emt 0:00:01]} Ke6 {[%emt 0:00:01]} 31. Rh3 {[%emt 0:00:19]} Rg7 {[%emt 0:00:35]} 32. Re3+ {[%emt 0:00:01]} Kd6 {[%emt 0:00:07]} 33. h3 {[%emt 0:00:01]} Ne6 {[%emt 0:00:30]} 34. b3 {[%emt 0:00:12]} cxb3+ {[%emt 0:00:14]} 35. axb3 {[%emt 0:00:01]} Ng5 {[%emt 0:00:30]} 36. c4 {[%emt 0:00:37]} dxc4 {[%emt 0:00:02]} 37. bxc4 {[%emt 0:00:01]} Rh7 {[%emt 0:00:04]} 38. Ra3 {[%emt 0:00:06]} Rc7 {[%emt 0:00:51]} 39. h4 {[%emt 0:00:24]} Ne6 {[%emt 0:00:53]} 40. Ra6+ {[%emt 0:00:15]} Ke7 {[%emt 0:00:08]} 41. Kd3 {[%emt 0:00:47]} Rd7 {[%emt 0:00:29]} 42. Kc3 {[%emt 0:00:44]} Nxd4 {[%emt 0:00:07]} 43. g5 {[%emt 0:00:05]} fxg5 {[%emt 0:01:25]} 44. hxg5 {[%emt 0:00:01]} Ne6 {[%emt 0:00:01]} 45. g6 {[%emt 0:00:11]} Rc7 {[%emt 0:00:42]} 46. Kb4 {[%emt 0:00:22]} Rb7+ {[%emt 0:00:23]} 47. Kc3 {[%emt 0:00:03]} Nc5 {[%emt 0:00:58]} 48. Rc6 {[%emt 0:00:12]} Ne6 {[%emt 0:00:29]} 49. Ra6 {[%emt 0:00:16]} Kd7 {[%emt 0:00:03]} 50. c5 {[%emt 0:00:21]} Rc7 {[%emt 0:00:21]} 51. Kb2 {[%emt 0:01:02]} Kc8 {[%emt 0:00:34]} 52. Rxe6 {[%emt 0:00:03]} Rxc5 {[%emt 0:00:02]} 53. Ka3 {[%emt 0:00:05]} 1/2-1/2

[Event "29th Czech Open-Rapid 2018"]
[Site "Pardubice"]
[Date "2018.07.19"]
[Round "6"]
[White "Haase, Pavel"]
[Black "Ret, Adam Josef"]
[Result "1/2-1/2"]
[WhiteElo "1975"]
[BlackElo "1693"]
[Annotator "NA"]
[PlyCount "96"]
[EventDate "2018.07.18"]
[EventType "swiss"]
[EventCountry "CZE"]
[SourceTitle "playchess.com"]
[Source "ChessBase"]
[SourceQuality "1"]
[TimeControl "900+10"]

1. Nf3 {[%emt 0:00:00]} d5 {[%emt 0:00:00]} 2. d4 {[%emt 0:00:00]} Nf6 {[%emt 0:00:00]} 3. Bf4 {[%emt 0:00:00]} e6 {[%emt 0:00:30]} 4. e3 {[%emt 0:00:05]} c5 {[%emt 0:00:05]} 5. c3 {[%emt 0:00:03]} Nc6 {[%emt 0:00:10]} 6. Bd3 {[%emt 0:00:03]} Bd6 {[%emt 0:00:03]} 7. Ne5 {[%emt 0:00:10]} Qc7 {[%emt 0:01:16]} 8. Nd2 {[%emt 0:00:09]} Nxe5 {[%emt 0:00:52]} 9. dxe5 {[%emt 0:00:15]} Bxe5 {[%emt 0:00:04]} 10. Bxe5 {[%emt 0:00:39]} Qxe5 {[%emt 0:00:03]} 11. O-O {[%emt 0:00:25]} O-O {[%emt 0:00:03]} 12. Qc2 {[%emt 0:00:29]} g6 {[%emt 0:00:20]} 13. Rae1 {[%emt 0:00:04]} Qc7 {[%emt 0:00:12]} 14. f4 {[%emt 0:00:19]} b6 {[%emt 0:00:13]} 15. c4 {[%emt 0:01:03]} Bb7 {[%emt 0:00:50]} 16. cxd5 {[%emt 0:00:02]} Nxd5 {[%emt 0:00:52]} 17. a3 {[%emt 0:00:19]} f5 {[%emt 0:00:23]} 18. g3 {[%emt 0:00:31]} Qc6 {[%emt 0:00:26]} 19. e4 {[%emt 0:02:05]} Nf6 {[%emt 0:00:34]} 20. Rf3 {[%emt 0:00:06]} Rfe8 {[%emt 0:00:52]} 21. Qb3 {[%emt 0:01:11]} Kg7 {[%emt 0:00:39]} 22. Bb5 {[%emt 0:01:18]} Qc7 {[%emt 0:01:00]} 23. Bxe8 {[%emt 0:00:04]} fxe4 {[%emt 0:01:02]} 24. Rfe3 {[%emt 0:00:41]} Rxe8 {[%emt 0:00:54]} 25. Nxe4 {[%emt 0:00:41]} Nxe4 {[%emt 0:00:20]} 26. Rxe4 {[%emt 0:00:36]} Bxe4 {[%emt 0:00:05]} 27. Rxe4 {[%emt 0:00:01]} Qd6 {[%emt 0:00:29]} 28. Qc3+ {[%emt 0:00:27]} Kf7 {[%emt 0:00:09]} 29. Kf2 {[%emt 0:01:09]} Rd8 {[%emt 0:00:23]} 30. Re2 {[%emt 0:00:40]} Qd4+ {[%emt 0:00:06]} 31. Qxd4 {[%emt 0:00:06]} Rxd4 {[%emt 0:00:06]} 32. Ke3 {[%emt 0:00:18]} Kf6 {[%emt 0:01:17]} 33. g4 {[%emt 0:00:03]} h6 {[%emt 0:00:16]} 34. h4 {[%emt 0:00:47]} g5 {[%emt 0:00:33]} 35. fxg5+ {[%emt 0:00:03]} hxg5 {[%emt 0:00:02]} 36. Rf2+ {[%emt 0:00:03]} Kg7 {[%emt 0:00:49]} 37. hxg5 {[%emt 0:00:21]} Rxg4 {[%emt 0:00:13]} 38. Rf6 {[%emt 0:00:09]} Rxg5 {[%emt 0:01:25]} 39. Rxe6 {[%emt 0:00:02]} Kf7 {[%emt 0:00:47]} 40. Rc6 {[%emt 0:00:08]} Rg2 {[%emt 0:00:46]} 41. b4 {[%emt 0:00:38]} Rg3+ {[%emt 0:00:59]} 42. Kd2 {[%emt 0:00:43]} Rxa3 {[%emt 0:00:27]} 43. bxc5 {[%emt 0:00:04]} bxc5 {[%emt 0:00:11]} 44. Rxc5 {[%emt 0:00:02]} Ke7 {[%emt 0:00:08]} 45. Rd5 {[%emt 0:00:09]} Ke6 {[%emt 0:00:06]} 46. Rd8 {[%emt 0:00:03]} a5 {[%emt 0:00:05]} 47. Kc2 {[%emt 0:00:02]} a4 {[%emt 0:00:05]} 48. Kb2 {[%emt 0:00:03]} Rb3+ {[%emt 0:00:11]} 1/2-1/2

[Event "29th Czech Open-Rapid 2018"]
[Site "Pardubice"]
[Date "2018.07.19"]
[Round "6"]
[White "Sinauridze, Simons"]
[Black "Lushnikov, Evgeny"]
[Result "1-0"]
[WhiteElo "1962"]
[BlackElo "2234"]
[Annotator "NA"]
[PlyCount "165"]
[EventDate "2018.07.18"]
[EventType "swiss"]
[EventCountry "CZE"]
[SourceTitle "playchess.com"]
[Source "ChessBase"]
[SourceQuality "1"]
[TimeControl "900+10"]

1. e4 {[%emt 0:00:00]} c5 {[%emt 0:00:00]} 2. Nf3 {[%emt 0:00:00]} Nc6 {[%emt 0:00:00]} 3. Bb5 {[%emt 0:00:00]} d6 {[%emt 0:00:00]} 4. O-O {[%emt 0:00:06]} Bd7 {[%emt 0:00:00]} 5. c3 {[%emt 0:00:26]} Nf6 {[%emt 0:00:23]} 6. Re1 {[%emt 0:00:04]} a6 {[%emt 0:00:01]} 7. Ba4 {[%emt 0:00:05]} b5 {[%emt 0:00:02]} 8. Bc2 {[%emt 0:00:01]} Bg4 {[%emt 0:00:05]} 9. h3 {[%emt 0:00:13]} Bxf3 {[%emt 0:00:39]} 10. Qxf3 {[%emt 0:00:03]} e5 {[%emt 0:00:30]} 11. d3 {[%emt 0:00:22]} Be7 {[%emt 0:00:02]} 12. Nd2 {[%emt 0:00:05]} O-O {[%emt 0:00:12]} 13. Nf1 {[%emt 0:00:02]} d5 {[%emt 0:00:37]} 14. exd5 {[%emt 0:00:25]} Qxd5 {[%emt 0:00:04]} 15. Qg3 {[%emt 0:00:06]} Kh8 {[%emt 0:01:11]} 16. Ne3 {[%emt 0:00:25]} Qd7 {[%emt 0:00:09]} 17. Ng4 {[%emt 0:01:09]} Nxg4 {[%emt 0:01:39]} 18. hxg4 {[%emt 0:00:02]} f5 {[%emt 0:00:53]} 19. gxf5 {[%emt 0:00:10]} Qxf5 {[%emt 0:00:02]} 20. Re2 {[%emt 0:01:32]} Qh5 {[%emt 0:00:18]} 21. f3 {[%emt 0:00:32]} Rad8 {[%emt 0:00:54]} 22. Be3 {[%emt 0:00:09]} Rd6 {[%emt 0:01:49]} 23. Qh2 {[%emt 0:01:21]} Qxh2+ {[%emt 0:02:11]} 24. Kxh2 {[%emt 0:00:02]} Rdf6 {[%emt 0:00:01]} 25. Bg5 {[%emt 0:01:13]} R6f7 {[%emt 0:00:02]} 26. Bxe7 {[%emt 0:00:04]} Rxe7 {[%emt 0:00:01]} 27. Rae1 {[%emt 0:00:03]} g6 {[%emt 0:00:23]} 28. Re4 {[%emt 0:01:35]} Rfe8 29. a4 {[%emt 0:03:07]} Kg7 {[%emt 0:01:30]} 30. Kg3 {[%emt 0:00:05]} Kf6 {[%emt 0:00:05]} 31. Kf2 {[%emt 0:03:52]} Ke6 {[%emt 0:02:01]} 32. d4 {[%emt 0:01:15]} cxd4 {[%emt 0:00:10]} 33. cxd4 {[%emt 0:00:02]} Kd6 {[%emt 0:00:09]} 34. dxe5+ {[%emt 0:00:05]} Rxe5 {[%emt 0:00:02]} 35. axb5 {[%emt 0:00:15]} axb5 {[%emt 0:00:09]} 36. Bd3 {[%emt 0:01:47]} Kc5 {[%emt 0:02:06]} 37. Rc1+ {[%emt 0:00:11]} Kb6 {[%emt 0:00:31]} 38. Rce1 {[%emt 0:00:13]} b4 {[%emt 0:00:47]} 39. R1e2 {[%emt 0:00:01]} Rxe4 {[%emt 0:00:38]} 40. Bxe4 {[%emt 0:00:02]} Nd4 {[%emt 0:00:08]} 41. Rd2 {[%emt 0:00:03]} Kc5 {[%emt 0:00:16]} 42. Ke3 {[%emt 0:00:27]} Rd8 {[%emt 0:00:24]} 43. Rd3 {[%emt 0:00:17]} Kc4 {[%emt 0:00:46]} 44. Rd2 {[%emt 0:00:10]} b3 {[%emt 0:00:10]} 45. Rd3 {[%emt 0:00:09]} Rd6 {[%emt 0:00:12]} 46. Rc3+ {[%emt 0:00:02]} Kb4 {[%emt 0:00:01]} 47. Bd3 {[%emt 0:00:04]} Nc6 {[%emt 0:00:22]} 48. Rc4+ {[%emt 0:00:13]} Ka5 {[%emt 0:00:02]} 49. Rc5+ {[%emt 0:00:09]} Kb4 {[%emt 0:00:03]} 50. Rb5+ {[%emt 0:00:08]} Ka4 {[%emt 0:00:05]} 51. Rb6 {[%emt 0:00:03]} Re6+ {[%emt 0:00:19]} 52. Kd2 {[%emt 0:00:02]} Nd4 {[%emt 0:00:18]} 53. Rxe6 {[%emt 0:00:15]} Nxe6 {[%emt 0:00:01]} 54. Kc3 {[%emt 0:00:16]} Nf4 {[%emt 0:00:01]} 55. Bf1 {[%emt 0:00:06]} h5 {[%emt 0:00:27]} 56. g3 {[%emt 0:00:26]} Nd5+ {[%emt 0:00:16]} 57. Kd4 {[%emt 0:00:01]} Ne7 {[%emt 0:00:08]} 58. Ke5 {[%emt 0:00:21]} Nf5 {[%emt 0:00:03]} 59. g4 {[%emt 0:00:06]} Ne3 {[%emt 0:00:13]} 60. gxh5 {[%emt 0:00:10]} gxh5 {[%emt 0:00:03]} 61. Be2 {[%emt 0:00:13]} h4 {[%emt 0:00:03]} 62. Kf4 {[%emt 0:00:03]} Ng2+ {[%emt 0:00:29]} 63. Kg4 {[%emt 0:00:06]} Kb4 {[%emt 0:00:07]} 64. f4 {[%emt 0:00:16]} Kc5 {[%emt 0:00:06]} 65. f5 {[%emt 0:00:03]} Ne3+ {[%emt 0:00:10]} 66. Kg5 {[%emt 0:00:13]} Nd5 {[%emt 0:00:20]} 67. Kxh4 {[%emt 0:00:22]} Kd4 {[%emt 0:00:05]} 68. Kg5 {[%emt 0:00:05]} Ke5 {[%emt 0:00:08]} 69. Bc4 {[%emt 0:00:13]} Nf6 {[%emt 0:00:16]} 70. Bxb3 {[%emt 0:00:07]} Ne4+ {[%emt 0:00:01]} 71. Kg6 {[%emt 0:00:05]} Nf6 {[%emt 0:00:08]} 72. Be6 {[%emt 0:00:05]} Ne4 {[%emt 0:00:09]} 73. b4 {[%emt 0:00:23]} Nd6 {[%emt 0:00:04]} 74. Bd7 {[%emt 0:00:09]} Ne4 {[%emt 0:00:14]} 75. b5 {[%emt 0:00:06]} Kd6 {[%emt 0:00:11]} 76. Bc6 {[%emt 0:00:08]} Nc5 {[%emt 0:00:00]} 77. f6 {[%emt 0:00:07]} Ne6 {[%emt 0:00:03]} 78. f7 {[%emt 0:00:18]} Ke7 {[%emt 0:00:03]} 79. b6 {[%emt 0:00:10]} Kd6 {[%emt 0:00:10]} 80. b7 {[%emt 0:00:11]} Kc7 {[%emt 0:00:01]} 81. Bf3 {[%emt 0:00:09]} Nf8+ {[%emt 0:00:12]} 82. Kg7 {[%emt 0:00:03]} Ne6+ {[%emt 0:00:01]} 83. Kg8 {[%emt 0:00:03]} 1-0

[Event "29th Czech Open-Rapid 2018"]
[Site "Pardubice"]
[Date "2018.07.19"]
[Round "6"]
[White "Nehyba, Martin"]
[Black "Bystrov, Sergej Mikhailovich"]
[Result "1/2-1/2"]
[WhiteElo "1947"]
[BlackElo "2121"]
[Annotator "NA"]
[PlyCount "95"]
[EventDate "2018.07.18"]
[EventType "swiss"]
[EventCountry "CZE"]
[SourceTitle "playchess.com"]
[Source "ChessBase"]
[SourceQuality "1"]
[TimeControl "900+10"]

1. e4 {[%emt 0:00:00]} c5 {[%emt 0:00:00]} 2. c3 {[%emt 0:00:03]} e5 {[%emt 0:00:14]} 3. Nf3 {[%emt 0:00:08]} Nc6 {[%emt 0:00:01]} 4. d4 {[%emt 0:00:47]} cxd4 {[%emt 0:00:04]} 5. cxd4 {[%emt 0:00:01]} exd4 {[%emt 0:00:02]} 6. Nxd4 {[%emt 0:00:04]} Nf6 {[%emt 0:00:05]} 7. Nc3 {[%emt 0:00:29]} Bb4 {[%emt 0:00:10]} 8. Bg5 {[%emt 0:00:52]} O-O {[%emt 0:02:20]} 9. Nxc6 {[%emt 0:00:22]} dxc6 {[%emt 0:00:40]} 10. Bd3 {[%emt 0:01:00]} h6 {[%emt 0:00:25]} 11. Bh4 {[%emt 0:00:07]} Be7 {[%emt 0:02:04]} 12. O-O {[%emt 0:00:11]} Nd7 {[%emt 0:00:08]} 13. Bg3 {[%emt 0:00:12]} Nc5 {[%emt 0:00:06]} 14. Bc2 {[%emt 0:00:01]} Be6 {[%emt 0:00:43]} 15. Qe2 {[%emt 0:01:10]} Qb6 {[%emt 0:01:50]} 16. e5 {[%emt 0:00:05]} Rad8 {[%emt 0:00:36]} 17. Rad1 {[%emt 0:00:07]} a5 {[%emt 0:00:18]} 18. Bb1 {[%emt 0:00:13]} Qb4 {[%emt 0:00:57]} 19. Qc2 {[%emt 0:00:23]} g6 {[%emt 0:00:04]} 20. Qc1 {[%emt 0:01:43]} Kg7 {[%emt 0:02:02]} 21. Bf4 {[%emt 0:02:44]} Rh8 {[%emt 0:00:11]} 22. Rxd8 {[%emt 0:01:44]} Bxd8 {[%emt 0:00:02]} 23. Rd1 {[%emt 0:00:01]} Be7 {[%emt 0:00:19]} 24. Bd2 {[%emt 0:00:09]} Qh4 {[%emt 0:01:37]} 25. Be3 {[%emt 0:02:39]} Na6 {[%emt 0:01:52]} 26. Be4 {[%emt 0:00:45]} Rd8 {[%emt 0:00:41]} 27. Rxd8 {[%emt 0:01:54]} Bxd8 {[%emt 0:00:01]} 28. g3 {[%emt 0:00:04]} Qh5 {[%emt 0:00:15]} 29. Qd2 {[%emt 0:00:01]} Be7 {[%emt 0:00:28]} 30. Ne2 {[%emt 0:00:01]} Bc5 {[%emt 0:00:57]} 31. Nf4 {[%emt 0:00:08]} Qxe5 {[%emt 0:00:06]} 32. Nxe6+ {[%emt 0:00:06]} Qxe6 {[%emt 0:00:28]} 33. Bxh6+ {[%emt 0:00:42]} Kh7 {[%emt 0:00:05]} 34. Qc3 {[%emt 0:00:53]} f6 {[%emt 0:00:31]} 35. Bd3 {[%emt 0:00:03]} Kxh6 {[%emt 0:00:08]} 36. Bxa6 {[%emt 0:00:01]} Qf5 {[%emt 0:00:14]} 37. Qd2+ {[%emt 0:00:11]} g5 {[%emt 0:00:02]} 38. Bd3 {[%emt 0:00:03]} Qe5 {[%emt 0:00:09]} 39. Bb1 {[%emt 0:00:14]} Qd4 {[%emt 0:00:04]} 40. Qc2 {[%emt 0:00:03]} Kg7 {[%emt 0:00:23]} 41. a3 Kf8 {[%emt 0:00:09]} 42. Ba2 {[%emt 0:01:14]} b5 {[%emt 0:00:09]} 43. Be6 {[%emt 0:00:08]} Ke7 {[%emt 0:00:12]} 44. Bb3 {[%emt 0:00:07]} Kd6 {[%emt 0:00:02]} 45. Qe2 {[%emt 0:00:11]} Kc7 {[%emt 0:00:09]} 46. a4 {[%emt 0:00:14]} bxa4 {[%emt 0:00:09]} 47. Bc2 {[%emt 0:00:02]} Kb6 {[%emt 0:00:09]} 48. Bd3 {[%emt 0:00:21]} 1/2-1/2

[Event "29th Czech Open-Rapid 2018"]
[Site "Pardubice"]
[Date "2018.07.19"]
[Round "6"]
[White "Balazec, Ludovit"]
[Black "Bueble, Joschua"]
[Result "1-0"]
[WhiteElo "1945"]
[BlackElo "1682"]
[Annotator "NA"]
[PlyCount "57"]
[EventDate "2018.07.18"]
[EventType "swiss"]
[EventCountry "CZE"]
[SourceTitle "playchess.com"]
[Source "ChessBase"]
[SourceQuality "1"]
[TimeControl "900+10"]

1. e4 {[%emt 0:00:00]} e6 {[%emt 0:00:00]} 2. d4 {[%emt 0:00:00]} d5 {[%emt 0:00:00]} 3. Nd2 {[%emt 0:00:00]} Nf6 {[%emt 0:00:00]} 4. e5 {[%emt 0:00:02]} Nfd7 {[%emt 0:00:00]} 5. f4 {[%emt 0:00:02]} c5 {[%emt 0:00:00]} 6. Ndf3 {[%emt 0:00:17]} Nc6 {[%emt 0:00:10]} 7. c3 {[%emt 0:00:05]} f6 {[%emt 0:00:21]} 8. g3 {[%emt 0:00:29]} fxe5 {[%emt 0:00:05]} 9. fxe5 {[%emt 0:00:30]} cxd4 {[%emt 0:00:11]} 10. cxd4 {[%emt 0:00:07]} Qb6 {[%emt 0:00:13]} 11. Bd3 {[%emt 0:00:43]} Bb4+ {[%emt 0:00:45]} 12. Kf1 {[%emt 0:00:04]} Be7 {[%emt 0:01:29]} 13. Kg2 {[%emt 0:00:05]} Nf8 {[%emt 0:02:10]} 14. h4 {[%emt 0:00:15]} Bd7 {[%emt 0:00:18]} 15. b3 {[%emt 0:01:04]} O-O-O {[%emt 0:00:29]} 16. Be3 {[%emt 0:00:53]} Be8 {[%emt 0:00:30]} 17. Ne2 {[%emt 0:00:55]} Bh5 {[%emt 0:01:00]} 18. Rf1 {[%emt 0:02:08]} Ba3 {[%emt 0:01:09]} 19. Qd2 {[%emt 0:02:05]} Ng6 {[%emt 0:01:48]} 20. Kh3 {[%emt 0:00:13]} Bb4 {[%emt 0:00:31]} 21. Qc1 {[%emt 0:00:59]} Nge7 {[%emt 0:00:30]} 22. a3 {[%emt 0:00:19]} Rdf8 {[%emt 0:01:16]} 23. g4 {[%emt 0:00:16]} Bg6 {[%emt 0:00:38]} 24. Bxg6 {[%emt 0:00:39]} Nxg6 {[%emt 0:00:04]} 25. axb4 {[%emt 0:00:05]} Qxb4 {[%emt 0:00:09]} 26. Qc3 {[%emt 0:00:42]} Qb5 {[%emt 0:00:15]} 27. Qc2 {[%emt 0:00:52]} Qb6 {[%emt 0:00:23]} 28. h5 {[%emt 0:00:18]} Ngxe5 {[%emt 0:00:15]} 29. Nxe5 {[%emt 0:00:02]} 1-0

[Event "29th Czech Open-Rapid 2018"]
[Site "Pardubice"]
[Date "2018.07.19"]
[Round "6"]
[White "Roskova, Katerina"]
[Black "Khmelev, Mikhail"]
[Result "1-0"]
[WhiteElo "1886"]
[BlackElo "1977"]
[Annotator "NA"]
[PlyCount "177"]
[EventDate "2018.07.18"]
[EventType "swiss"]
[EventCountry "CZE"]
[SourceTitle "playchess.com"]
[Source "ChessBase"]
[SourceQuality "1"]
[TimeControl "900+10"]

1. d4 {[%emt 0:00:00]} e6 {[%emt 0:00:00]} 2. c4 {[%emt 0:00:00]} Nf6 {[%emt 0:00:00]} 3. g3 {[%emt 0:00:03]} Bb4+ {[%emt 0:00:00]} 4. Bd2 {[%emt 0:00:04]} Qe7 {[%emt 0:00:00]} 5. Bg2 {[%emt 0:00:06]} O-O {[%emt 0:00:00]} 6. Nf3 {[%emt 0:00:10]} Bxd2+ {[%emt 0:00:00]} 7. Nbxd2 {[%emt 0:00:02]} d6 {[%emt 0:00:01]} 8. Qc2 {[%emt 0:00:10]} e5 {[%emt 0:00:03]} 9. O-O {[%emt 0:00:28]} c6 {[%emt 0:00:10]} 10. e3 {[%emt 0:00:20]} Bg4 {[%emt 0:00:02]} 11. Rac1 {[%emt 0:00:34]} Re8 {[%emt 0:00:17]} 12. c5 {[%emt 0:00:32]} dxc5 {[%emt 0:00:16]} 13. Qxc5 {[%emt 0:02:22]} Qxc5 {[%emt 0:00:05]} 14. Rxc5 {[%emt 0:00:06]} Nbd7 {[%emt 0:00:07]} 15. Rc3 {[%emt 0:00:47]} exd4 {[%emt 0:00:52]} 16. Nxd4 {[%emt 0:00:14]} Rad8 {[%emt 0:00:00]} 17. h3 {[%emt 0:01:18]} Bh5 {[%emt 0:00:08]} 18. Nc4 {[%emt 0:00:36]} Nb6 {[%emt 0:01:57]} 19. Nxb6 {[%emt 0:01:03]} axb6 {[%emt 0:00:00]} 20. Rb3 {[%emt 0:00:43]} Nd7 {[%emt 0:00:03]} 21. Nf5 {[%emt 0:00:29]} Ra8 {[%emt 0:00:00]} 22. Nd6 {[%emt 0:00:35]} Reb8 {[%emt 0:00:12]} 23. a3 {[%emt 0:01:30]} b5 {[%emt 0:00:09]} 24. Rc1 {[%emt 0:00:31]} f6 {[%emt 0:00:19]} 25. Rd3 {[%emt 0:00:33]} Ne5 {[%emt 0:00:01]} 26. Rdc3 {[%emt 0:00:38]} Bf7 {[%emt 0:00:17]} 27. Bf1 {[%emt 0:01:29]} Bd5 {[%emt 0:00:07]} 28. f4 {[%emt 0:00:21]} Nf7 {[%emt 0:00:41]} 29. Nxf7 {[%emt 0:00:21]} Kxf7 {[%emt 0:00:01]} 30. Kf2 {[%emt 0:00:02]} Ra4 {[%emt 0:00:07]} 31. Bg2 {[%emt 0:00:10]} Bxg2 {[%emt 0:00:05]} 32. Kxg2 {[%emt 0:00:01]} Rd8 {[%emt 0:00:01]} 33. R1c2 {[%emt 0:00:22]} b4 {[%emt 0:00:18]} 34. Rb3 {[%emt 0:00:15]} Rd6 {[%emt 0:01:10]} 35. Rxb4 {[%emt 0:00:15]} Rxb4 {[%emt 0:00:01]} 36. axb4 b5 37. Kf3 {[%emt 0:00:06]} Ke6 {[%emt 0:00:05]} 38. Ke2 {[%emt 0:00:49]} Ke7 {[%emt 0:00:05]} 39. Rd2 {[%emt 0:00:10]} Re6 {[%emt 0:00:01]} 40. Kf3 {[%emt 0:00:05]} f5 {[%emt 0:00:00]} 41. g4 {[%emt 0:00:14]} fxg4+ {[%emt 0:00:23]} 42. hxg4 {[%emt 0:00:01]} Rh6 {[%emt 0:00:02]} 43. g5 {[%emt 0:00:20]} Rh3+ {[%emt 0:00:09]} 44. Ke4 {[%emt 0:00:01]} g6 {[%emt 0:00:00]} 45. Kd4 {[%emt 0:00:24]} Kd6 {[%emt 0:00:04]} 46. e4 {[%emt 0:00:17]} Rb3 {[%emt 0:00:12]} 47. e5+ {[%emt 0:00:15]} Kc7 {[%emt 0:00:06]} 48. Rh2 {[%emt 0:01:13]} Rxb4+ {[%emt 0:00:01]} 49. Ke3 {[%emt 0:00:12]} Rb3+ {[%emt 0:00:00]} 50. Ke4 {[%emt 0:00:01]} Rb4+ {[%emt 0:00:01]} 51. Kf3 {[%emt 0:00:03]} Kd7 {[%emt 0:00:07]} 52. Rxh7+ Ke6 53. Rc7 {[%emt 0:00:42]} Rxb2 {[%emt 0:00:36]} 54. Rxc6+ {[%emt 0:00:04]} Kf7 {[%emt 0:00:00]} 55. Rf6+ {[%emt 0:00:03]} Kg7 {[%emt 0:00:01]} 56. Rb6 {[%emt 0:00:05]} Kf7 {[%emt 0:00:18]} 57. Ke4 {[%emt 0:00:09]} Rb4+ {[%emt 0:00:02]} 58. Kd5 {[%emt 0:00:13]} Rxf4 {[%emt 0:00:08]} 59. Rf6+ {[%emt 0:00:01]} Rxf6 {[%emt 0:00:13]} 60. exf6 {[%emt 0:00:01]} Kf8 {[%emt 0:00:42]} 61. Kc5 {[%emt 0:00:02]} Kf7 {[%emt 0:00:01]} 62. Kxb5 {[%emt 0:00:01]} Kf8 {[%emt 0:00:03]} 63. Kc6 {[%emt 0:00:04]} Kf7 {[%emt 0:00:02]} 64. Kd7 {[%emt 0:00:01]} Kf8 {[%emt 0:00:00]} 65. Ke6 {[%emt 0:00:02]} Ke8 {[%emt 0:00:01]} 66. Kd6 {[%emt 0:00:14]} Kf7 {[%emt 0:00:01]} 67. Kd7 Kf8 68. Ke6 {[%emt 0:01:25]} Ke8 {[%emt 0:00:01]} 69. Ke5 {[%emt 0:00:07]} Kf7 {[%emt 0:00:01]} 70. Kd5 {[%emt 0:00:32]} Kf8 71. Ke4 {[%emt 0:00:16]} Kf7 {[%emt 0:00:02]} 72. Kf4 {[%emt 0:00:05]} Ke6 {[%emt 0:00:04]} 73. Ke4 {[%emt 0:00:01]} Kf7 {[%emt 0:00:01]} 74. Ke5 {[%emt 0:00:05]} Kf8 {[%emt 0:00:01]} 75. Kd5 {[%emt 0:00:13]} Kf7 {[%emt 0:00:00]} 76. Kd6 {[%emt 0:00:01]} Kf8 {[%emt 0:00:01]} 77. Ke6 {[%emt 0:00:03]} Ke8 {[%emt 0:00:00]} 78. Kd6 {[%emt 0:01:33]} Kf7 {[%emt 0:00:01]} 79. Kd7 {[%emt 0:00:00]} Kf8 {[%emt 0:00:00]} 80. f7 {[%emt 0:00:22]} Kxf7 {[%emt 0:00:03]} 81. Kd6 {[%emt 0:00:01]} Kg8 {[%emt 0:00:04]} 82. Ke6 {[%emt 0:00:02]} Kg7 {[%emt 0:00:01]} 83. Ke7 {[%emt 0:00:01]} Kg8 {[%emt 0:00:07]} 84. Kf6 Kh7 85. Kf7 {[%emt 0:00:03]} Kh8 {[%emt 0:00:00]} 86. Kxg6 {[%emt 0:00:02]} Kg8 {[%emt 0:00:00]} 87. Kh6 {[%emt 0:00:07]} Kh8 88. g6 {[%emt 0:00:08]} Kg8 {[%emt 0:00:03]} 89. g7 1-0